মধ্যপ্রাচ্যের ইতিহাস (ঊনিশ ও বিশ শতক) / (Record no. 103937)
[ view plain ]
| 000 -LEADER | |
|---|---|
| fixed length control field | 00811nam a22002057a 4500 |
| 003 - CONTROL NUMBER IDENTIFIER | |
| control field | BD-DhUL |
| 005 - DATE AND TIME OF LATEST TRANSACTION | |
| control field | 20160904151410.0 |
| 008 - FIXED-LENGTH DATA ELEMENTS--GENERAL INFORMATION | |
| fixed length control field | 160904b xxu||||| |||| 00| 0 eng d |
| 020 ## - INTERNATIONAL STANDARD BOOK NUMBER | |
| International Standard Book Number | 9789843353535 |
| 040 ## - CATALOGING SOURCE | |
| Original cataloging agency | BD-DhUL |
| Transcribing agency | BD-DhUL |
| 082 #0 - DEWEY DECIMAL CLASSIFICATION NUMBER | |
| Classification number | 956.015 |
| Item number | KAM |
| 100 1# - MAIN ENTRY--PERSONAL NAME | |
| Personal name | কাউসার, এম এ |
| 245 1# - TITLE STATEMENT | |
| Title | মধ্যপ্রাচ্যের ইতিহাস (ঊনিশ ও বিশ শতক) / |
| Statement of responsibility, etc. | কাউসার, এম এ |
| 260 ## - PUBLICATION, DISTRIBUTION, ETC. (IMPRINT) | |
| Place of publication, distribution, etc. | কলকাতা : |
| Name of publisher, distributor, etc. | বিশ্ববিদ্যালয়, |
| Date of publication, distribution, etc. | ২০১২ । |
| 300 ## - PHYSICAL DESCRIPTION | |
| Extent | ৩২০ পৃ : |
| Other physical details | চিত্র ; |
| Dimensions | ২৩ সে. মি. |
| 500 ## - GENERAL NOTE | |
| General note | নিঘর্ন্ট সম্বলিত। |
| 650 1# - SUBJECT ADDED ENTRY--TOPICAL TERM | |
| Topical term or geographic name as entry element | মধ্যপ্রাচ্য - ইতিহাস |
| 650 1# - SUBJECT ADDED ENTRY--TOPICAL TERM | |
| Topical term or geographic name as entry element | History |
| 942 ## - ADDED ENTRY ELEMENTS (KOHA) | |
| Source of classification or shelving scheme | |
| Koha item type | Books |
| Price effective from | Date last seen | Permanent Location | Not for loan | Date acquired | Source of classification or shelving scheme | Koha item type | Lost status | Withdrawn status | Copy number | Source of acquisition | Collection code | Damaged status | Shelving location | Barcode | Current Location | Full call number |
|---|---|---|---|---|---|---|---|---|---|---|---|---|---|---|---|---|
| 2016-09-04 | 2016-09-04 | Dhaka University Library | 2016-09-04 | Books | 9 | Purchased | Non Fiction | General Stacks | 490799 | Dhaka University Library | 956.015 KAM | |||||
| 2016-09-04 | 2016-09-04 | Dhaka University Library | 2016-09-04 | Books | 3 | Purchased | Non Fiction | General Stacks | 479572 | Dhaka University Library | 956.015 KAM | |||||
| 2016-09-04 | 2016-09-04 | Dhaka University Library | 2016-09-04 | Books | 7 | Purchased | Non Fiction | General Stacks | 481629 | Dhaka University Library | 956.015 KAM | |||||
| 2016-09-04 | 2016-09-04 | Dhaka University Library | 2016-09-04 | Books | 2 | purchased | Non Fiction | General Stacks | 479571 | Dhaka University Library | 956.015 KAM | |||||
| 2016-09-19 | 2016-09-19 | Dhaka University Library | 2015-05-11 | Books | 10 | Purchased | Non Fiction | General Stacks | 490800 | Dhaka University Library | 956.015 KAM | |||||
| 2016-09-19 | 2016-09-19 | Dhaka University Library | 2014-04-22 | Books | 8 | Purchased | Non Fiction | General Stacks | 481630 | Dhaka University Library | 956.015 KAM | |||||
| 2016-09-20 | 2016-09-20 | Dhaka University Library | 2014-04-22 | Books | 6 | Purchased | Non Fiction | General Stacks | 481628 | Dhaka University Library | 956.015 KAM | |||||
| 2016-09-20 | 2016-09-20 | Dhaka University Library | 2014-04-22 | Books | 4 | Purchased | Non Fiction | General Stacks | 479573 | Dhaka University Library | 956.015 KAM | |||||
| 2017-03-27 | 2017-03-27 | Dhaka University Library | 2013-06-15 | Books | 1 | Purchased | Non Fiction | General Stacks | 479570 | Dhaka University Library | 956.015 KAM |
